Vista normal
Vista MARC
Entrada Personal Name
Número de registros utilizados en: 3
001 - CONTROL NUMBER
- control field: 1334
003 - CONTROL NUMBER IDENTIFIER
- control field: OSt
005 - DATE AND TIME OF LATEST TRANSACTION
- control field: 20110901120814.0
008 - FIXED-LENGTH DATA ELEMENTS
- fixed length control field: 110901|||a|||||| | ||| d
040 ## - CATALOGING SOURCE
- Original cataloging agency: OSt
- Transcribing agency: OSt
100 ## - HEADING--PERSONAL NAME
- Personal name: Jacob, O
670 ## - SOURCE DATA FOUND
- Source citation: Work cat.: (OSt)623: Testut, L. 145, Compendio de Anatomía Topográfica con Aplicaciones Medicoquirúrgicas / , 1973.